000 00759nam a2200253Ia 4500
003 OSt
005 20220918170805.0
006 a|||||r|||| 00| 0
007 ta
008 220917b |||||||| |||| 00| 0 eng d
020 _a9780521671149 (pbk)
_c1281.04
024 _a236,581
037 _b172, 03/11/2008, N. R. Book Distributors
_cTextual
040 _aARTS
_cARTS
_beng
041 _2eng
_aeng
082 _aR3xL24:g, P8
100 _aWood Allen W.
_918553
245 0 _aKantian ethics
260 _aCambridge
_bCambridge University Press UK
_c2008
300 _axiii, 341p.
_ccm.
650 _aPHILOSOPHY
942 _hR3xL24:g, P8
_cTEXL
_2CC
999 _c135803
_d135803